000 01377cab a2200385 4500
001 ABS49359
008 090401t1993 xxu||||| |||| 00| 0 eng d
035 _a(Sirsi) u71005
041 _aeng
100 _aKnowles, R.
245 _aLegal
260 _c1993
350 _a0
490 _aChartered Quantity Surveyor
_v16(1) September 1993, 21(1)
520 _aReviews recent case law relating to liquidated damages.
650 _aBELL AND SON (PADDINGTON) LTD
650 _aBUILT ENVIRONMENT-BUILDING CONTRACT FORMS
650 _aCBF RESIDENTIAL CARE AND HOUSING ASSOCIATIN
650 _aCERTIFICATE OF FAILURE
650 _aCLAIMS
650 _aCOMPENSATION
650 _aCONTRACT CLAIMS
650 _aDUNLOP PNEUMATIC TYRE CO LTD V NEW GARAGE AND MOTOR CO LTD
650 _aHOLLOWAY HOLIDNGS V ARCHWAYS BUSINESS CENTRE
650 _aJARVIS BRENT LTD V ROWLINSON CONSTRUCTION LTD
650 _aBUILT ENVIRONMENT-BUILDING CONTRACT FORMS-STANDARD FORMS OF BUILDING CONTRACT-JOINT CONTRACTS TRIBNUAL CONTRACTS
650 _aJF FINNIGAN V COMMUNITY HOUSING ASSOCIATION
650 _aLIQUIDATED DAMAGES
650 _aPENALTY CLAUSES
650 _aPHILIPS HONG KONG LTD V ATTORNEY GENERAL OF HONG KONG
650 _aROBOPHONE FACILITIES LTD V BLANK
690 _aBUILT ENVIRONMENT-BUILDING CONTRACT FORMS
942 _n0
948 _c04/03/1997
999 _c44736
_d44736